Sports by Picture A-Z - Statistics

General Stats
  • This quiz has been taken 67 times
  • The average score is 18 of 26
Answer Stats
Picture Hint Answer % Correct
A archery
93%
C curling
91%
D darts
91%
G gymnastics
91%
T table tennis
88%
V volleyball
86%
K kickboxing
84%
J javelin
83%
S sumo
83%
F fencing
79%
R rowing
78%
H hurdling
76%
L lacrosse
76%
I ice climbing
72%
U unicycling
72%
E equestrian
69%
M marbles
60%
N netball
60%
B biathlon
59%
P parachuting
59%
W windsurfing
55%
O orienteering
50%
Q quidditch
50%
Y yak polo
29%
Z zorbing
21%
X (nickname that starts with "C" is allowed as a typo) Xiangqi (Chinese chess)
3%
No matching quizzes found
Score Distribution
Percent of People with Each Score
Percentile by Number Answered
Your Score History
You have not taken this quiz